Регионална библиотека "Любен Каравелов" - Русе

Larousse les vins (Запис номер 38939)

MARC детайли
000 -Лидер
Контролно поле с фиксирана дължина 00844nam a2200301 c 4500
003 - Код на организацията, давaща контролен номер
Контролно поле BLK
005 - Дата и час на последна редакция
Контролно поле 20180420221113.0
008 - Елементи от данни с фиксирана дължина
fixed length control field 180408b bul|||||r ||||||| ||bul||
010 ## - Наследен системен номер
LC control number KNG00042218000
020 ## - Международен стандартен номер на книга ISBN
Международен стандартен номер на книга ISBN 2-03-506308-6
-- издат.: Larousse
040 ## - Източник на каталожния запис
Идентификатор на билиотеката - собственик на записа BLK
041 ## - Код за език
Код за езика на текст/звукозапис или на отделно заглавие Френски
Код за езика КДБФ Френски
080 ## - УДК
Текстов определител УДК Вина. Винопроизводство
УДК код - определител по УДК 663.2
УДК определител
УДК - код + определител 663.2
100 1# - Редна дума - Автор
Автор Debuigne, Gerard
Авторска отговорност първи автор
R(LIN) 8179
139 ## - Редно поле
Редна дума Debuigne, Gerard
Авторски знак De - D 29
245 10 - Сведения за заглавието
Заглавие Larousse les vins
Редно поле (дума) Gerard Debuigne.
257 ## - Страна на издаване
Страна на създаване/издаване Франция
260 ## - Област на издателските данни
-- Paris
Име на издателя, разпространителя и проч. Larousse
Година на издаване 1992
300 ## - Физическа характеристика
Страници 336 c
Илюстрации и др. с ил.
Размери/Мащаб 27 см
380 ## - Жанр
Жанр Техника
650 #4 - Допълнително описание по предмет – тема
Основно описание – тема или топоним Вино - справочници
9 (RLIN) 266236
653 ## - Ключова дума – ненормативна
Ключова дума вино
852 ## - Местоположение
Форматна сигнатура Цб ІІ 8040
856 4# - Електронен адрес и достъп
Електронен формат pdf - файл
Път до файла /url/
856 4# - Електронен адрес и достъп
Електронен формат pdf - файл
Път до файла /url/
942 ## - АРТИКУЛИ
Вид на библиотечния материал Книги
Скрит в OPAC Не
944 ## - СЪЗДАВАНЕ И РЕДАКЦИЯ на ЗАПИСА
Създаване/Редакция Създаване
Дата на регистрацията/редакция 15.01.2003
Служител, извършил регистрацията/редакцията AB_DOS
944 ## - СЪЗДАВАНЕ И РЕДАКЦИЯ на ЗАПИСА
Създаване/Редакция Редакция
Дата на регистрацията/редакция 15.01.2003
Служител, извършил регистрацията/редакцията
999 ## - СИСТЕМНИ КОНТРОЛНИ НОМЕРА
Koha biblionumber 38939
Koha biblioitemnumber 38939
Наличности
Код за отписване Код за изгубен артикул Източник на класификационната схема Код за повреда Коз за рестрикции Код за отдаване Артикулен № Име на библиотеката - собственик Име на библиотеката, в която се намира в момента Статус (Текущо местоположение) Дата на вписване в системата Местоположение - отдел Цена в лева Инвентарен номер Систематично азбучна сигнатура Баркод Номер на екземпляра Цена в евро Служебна бележка Служебен тип на артикула
  Не е изгубен Universal Decimal Classification Не е повреден само за читалня ползва се в читалня 60965 Регионална библиотека "Любен Каравелов" Русе Регионална библиотека "Любен Каравелов" Русе Читалня - справочен фонд 2001-01-01 Читалня 2930.75 595293 CЧ 663/D 29 120000595293 1 1498.47 Дата инв: 23.03.2017 Бележки инв: СЧ2017 Книги
Vip Innovations Ltd, Rousse, Bulgaria 2025